000 01025nam a2200313Ia 4500
001 Para_7345
003 CHAP
008 220125s1941 xx 000 0 und d
010 _a206233
040 _cCHAP
082 _aPA-C 637.1 B85
100 _aMaynard, L.A.
_9172470
245 _aFurther studies of the influence of different levels of fat intake upon milk secretion /
_c by L.A. Maynard, J.K. Loosli and C.M. McCay
260 _aIthaca, New York :
_b Cornell University Agricultural Experiment Station
300 _a18 p.
440 _aBulletin; 753
_9172471
500 _aEncuadernado con otros impresos similares
650 _aLeche
_x análisís
_965359
650 _aLeche
_x colecciones de escritos
_9172422
650 _aLeche
_x producción
_965400
700 _aLoosli, J.K. / McCay, C.M.
_9172472
901 _aPA-C 637.1 B85
902 _aA
905 _a0000001941 i 0000000000 00
910 _a1941
942 _cPARA
942 _cPARA
_d1
999 _c206233
_d206233